000 00325 a2200157 4500
001 172190
020 _a
040 _cMagnum
100 _aBarbosa, Nair de Medeiros
240 1 0 _aVoa, pensamento
_lpor
245 1 0 _aVoa, pensamento
362 0 _a1899
440 1 _aFTD
697 _aI/AVENTURA, CRIANCAS
942 _cBK
999 _c172190
_d172190